书目信息 |
| 题名: |
建筑智能计算机控制 / 建筑智能计算机控制
|
|
| 作者: | 建筑智能计算机控制 / 于军琪 主编 | |
| 分册: | ||
| 出版信息: | 北京 中国建筑工业出版社 2018.09 |
|
| 页数: | 257页 | |
| 开本: | 28cm | |
| 丛书名: | ||
| 单 册: | ||
| 中图分类: | 130.595.4 , TU855 | |
| 科图分类: | ||
| 主题词: | 房屋建筑设备:机电设备 | |
| 电子资源: | ||
| ISBN: | 978-7-112-22095-3 | |
| 000 | 00786nam0 2200205 450 | |
| 001 | 1954441583 | |
| 005 | 20190306150848.22 | |
| 010 | @a978-7-112-22095-3@dCNY36.00 | |
| 100 | @a20190306d2018 km y0chiy0120 ea | |
| 101 | 0 | @achi |
| 102 | @aCN@b110000 | |
| 200 | 1 | @a建筑智能计算机控制 / 建筑智能计算机控制@Ajian zhu zhi neng ji suan ji kong zhi/jian zhu zhi neng ji suan ji kong zhi@f建筑智能计算机控制 / 于军琪主编@Fjian zhu zhi neng ji suan ji kong zhi/yu jun qi zhu bian |
| 210 | @a北京@c中国建筑工业出版社@d2018.09 | |
| 215 | @a257页@d28cm | |
| 606 | 0 | @a房屋建筑设备:机电设备 |
| 690 | @a130.595.4@v4 | |
| 690 | @aTU855@v4 | |
| 701 | 0 | @a建筑智能计算机控制 / 于军琪@Ajian zhu zhi neng ji suan ji kong zhi/yu jun qi@4主编 |
| 801 | 0 | @aCN@bMUSE@c20190306 |
| 905 | @aMUSE@dTU855@eJ329 | |
| 建筑智能计算机控制 / 建筑智能计算机控制/建筑智能计算机控制 / 于军琪主编.-北京:中国建筑工业出版社,2018.09 |
| 257页;28cm |
| ISBN 978-7-112-22095-3:CNY36.00 |
| ● |
| 相关链接 |
|
|
|
正题名:建筑智能计算机控制 / 建筑智能计算机控制
索取号:TU855/J329
 
预约/预借
| 序号 | 登录号 | 条形码 | 馆藏地/架位号 | 状态 | 备注 |
| 1 | 1305954 | 213059544 | 建筑库201/201建筑库 54排7列5层/ [索取号:TU855/J329] | 在馆 |